Vista normal Vista MARC

Entrada Meeting Name

Número de registros utilizados en: 3

001 - CONTROL NUMBER

  • control field: 7805

003 - CONTROL NUMBER IDENTIFIER

  • control field: OSt

005 - DATE AND TIME OF LATEST TRANSACTION

  • control field: 20200724193241.0

008 - FIXED-LENGTH DATA ELEMENTS

  • fixed length control field: 200724|| aca||aabn | a|a d

040 ## - CATALOGING SOURCE

  • Original cataloging agency: OSt
  • Transcribing agency: OSt

111 ## - HEADING--MEETING NAME

  • Meeting name or jurisdiction name as entry element: Seminario

670 ## - SOURCE DATA FOUND

  • Source citation: Work cat.: (OSt)6331: Seminario, Fortaleciendo los cimientos del sistema de capitalización individual para asegurar su sostenibilidad /, 2014.